| 000 | 01190nab a22002657a 4500 | ||
|---|---|---|---|
| 999 |
_c6422 _d6422 |
||
| 003 | OSt | ||
| 005 | 20260202140618.0 | ||
| 008 | 190429b xxu||||| |||| 00| 0 spa d | ||
| 040 | _cPJ | ||
| 100 |
_97057 _aMarceillac, Gustavo A. |
||
| 245 | 1 | 0 |
_aCondenando a muerte : _bcualquier solución alternativa al juicio / _cGustavo A. Marceillac. |
| 260 |
_cCiudad Autónoma de Buenos Aires : _aThomson Reuters La Ley, _b2023. |
||
| 300 | _ap. 205-216 | ||
| 500 | _aCita Online: AR/DOC/1777/2023. | ||
| 505 | _aSumario: I. Antecedendes del caso.— II. Síntesis de los argumentos de la mayoría.— III. Algunas consideraciones sobre el criterio mayoritario.— IV. Conclusión. | ||
| 505 | _tSi te interesa el texto completo, solicitalo a koha@justierradelfuego.gov.ar | ||
| 650 | 0 |
_9343 _aDERECHO PENAL |
|
| 650 | 0 |
_92348 _aPROCESO PENAL |
|
| 650 | 0 |
_93088 _aJUICIO ABREVIADO |
|
| 650 | 0 |
_9180 _aDEBIDO PROCESO |
|
| 650 | 0 |
_94885 _aDERECHOS DE LA VÍCTIMA |
|
| 650 | 0 | _aPARTICULAR DAMNIFICADO | |
| 773 | 0 |
_02658 _93164 _tRevista de derecho penal y criminología. Nº 10 - Noviembre 2023 _dCiudad Autónoma de Buenos Aires : Thomson Reuters La Ley, 2017- _x00347914 |
|
| 942 |
_2udc _cANA |
||